000 00549nam a22001937a 4500
003 Ost
005 20221123152916.0
008 221123b |||||||| |||| 00| 0 eng d
020 _aNA
040 _cBT-PhCST
050 _aJ00350-J00351
082 _222
_aA5.10
_bGPPB
100 _aInternational Institute for Sustainable Development.
245 _aA handbook for policymakers and public procures :
_bpublic works /
260 _aEurope :
_bSwitch-Asia programme. ;
_cNA
300 _a36 p. :
_bill. ;
_c26 cm.
440 _vv. 2
942 _2ddc
_cJRL
999 _c9451
_d9451